1462 1398 1303 1288 1365 1828 1438 1032 1561 1483 1450 1552 1479 1991 1700 1545 1194 1973 1280 1146 1227 1610 1394 1980 1460 1478 1406 1885 1516 1308 1734 1377 1796 1424 1610 1723 1545 1501 1974 1894 1944 1345 1402 1235 1103 1134 1397 1765 1861 1269 1760 1307 1324 1243 1289 1732 1509 1581 1306 1830 1359 1247 1475 1950 1201 1806 1209 1265 1922 1831 1646 1442 1640 1066 1840 1356 1861 1956 1615 1673 1123 1776 1592 1867 1549 1724 1261 1350 1190 1848 1314 1229 1807 1511 1090 1237 1663 1547 1054 BCNSPRNW ULIB Ver.6.0+V

เปลี่ยนเป็นภาษาไทย

Change to English
 แสดงรายละเอียดบรรณานุกรม
  กลับหน้าหลัก

Brief Record : Get Marc (ISO 2709) : E-mail record : QR code < ปิดหน้าต่าง
LEADER : 00000nam 2200000uu 4500
001    13399111133
003     ULIB
008    110616s||||||||th 000 0 tha d
020    9786162000454
050  4 TK5105.888^bจ392ส 2552
100 0  จิตาตินันท์ สิงห์คศิริ
245 10 สร้างและใช้งานแบบสอบถามออนไลน์ ง่ายและฟรีด้วย Googledocuments /^cจิตาตินันท์ สิงห์คศิริ
250    พิมพ์ครั้งที่ 1
260    นนทบุรี :^bบริษัท ไอดีซี ดิสทริบิวเตอร์ เซ็นเตอร์ จำกัด,^c2552
300    ii, 139 หน้า :^bภาพประกอบ ;^c19 ซม.
500    ชื่อเรื่องจากปกนอก
650  7 การประมวลผลข้อมูลแบบออนไลน์
650  7 กูเกิล (บริการออนไลน์)
650  7 แบบสอบถาม
650  7 เว็บไซต์^xการออกแบบ
650  7 เวิร์ดโปรเซสซิง
945    ^p159^l0^i030161
995    เกษร
999 ^a ใช้งานได้ทุกระบบ
รายการนี้ยังไม่มีแท็ก
คุณยังไม่ได้ล็อกอิน คุณสามารถมีกิจกรรมร่วมกับเว็บไซต์ได้ แต่ต้องล็อกอินก่อน ::
  ล็อกอิน

รายการสื่อสารสนเทศ

ลำดับที่ ประเภท เลขเรียก/บาร์โค้ด สถานที่ สถานะ
1. การศึกษาทั่วไป
การศึกษาทั่วไป
TK5105.888 จ392ส 2552 ฉ.1 
  Barcode: 030161
ห้องสมุดวิทยาเขตนครสวรรค์
►หนังสือทั่วไป:l:General Books
บนชั้น

รายการใกล้เคียง
    ผู้แต่ง [จิตาตินันท์ สิงห์คศิริ]

    หัวเรื่อง [การประมวลผลข้อมูลแบบออนไลน์]
    หัวเรื่อง [กูเกิล (บริการออนไลน์)]
    หัวเรื่อง [แบบสอบถาม]
    หัวเรื่อง [เวิร์ดโปรเซสซิง]

BibComment


ยังไม่เคยถูกคอมเมนท์

คอมเมนท์ทรัพยากรรายการนี้
  คอมเมนท์: สร้างและใช้งานแบบ..


 Copyright 2026. Bcnsprnw @Library